000 00233nam a22000857a 4500
008 160718b xxu||||| |||| 00| 0 eng d
100 _93032
_aVenugopal
245 _aScience with Extra Innings
260 _aNew Delhi
_bRachna Publication
_c2000
999 _c2595
_d2595